| 000 | 00850nab a2200253 u 4500 | ||
|---|---|---|---|
| 001 | 19818 | ||
| 003 | HDC | ||
| 007 | cr bn ---aaaaa | ||
| 008 | 210302c20100227xx dr|noo 0 a eng d | ||
| 040 | _aHDC | ||
| 245 | 0 | _aSingapore International Halal Forum 2010 (SHIFT2010) | |
| 260 |
_a[No place] : _b[publisher not identified], _c2010 |
||
| 300 | _a1 online resource | ||
| 336 |
_atext _2rdacontent |
||
| 337 |
_acomputer _2rdamedia |
||
| 338 |
_aonline resource _2rdacarrier |
||
| 650 |
_afood and hospitality trade _918102 |
||
| 650 |
_aSHIFT2010 conference _zSingapore _918101 |
||
| 710 | _aHalal Focus | ||
| 856 | _zRequest full-text at [email protected] | ||
| 942 | _2lcc | ||
| 942 | _cNEWS | ||
| 942 | _kNWSO 006273 | ||
| 999 |
_c17134 _d17134 |
||